Sú hendikepovaní, ale nie kripli v Centre ortopedickej protetiky po prvý raz aplikovali silikónovú protézu

Bibliographic Details
Main Author: Pančurová, Anna (Author)
Corporate Author: Fakultná nemocnica L. Pasteura (Košice, Slovensko). Ortopedická protetika (Author)
Format: Article
Language:Slovak
Subjects:

MARC

LEADER 00000nab a2200000 a 4500
001 vtls000904941
003 SK-MaSNL
005 20260303210722.0
008 040720e20001006xo 0 slo
035 |a KE13892 
040 |a KEVKJB  |b slo  |c KEVKJB  |e AACR2 
041 0 |a slo 
044 |a xo  |c SK 
080 |a 615.477.2  |2 1981 
100 1 |a Pančurová, Anna  |4 aut  |9 877307 
245 1 0 |a Sú hendikepovaní, ale nie kripli  |b v Centre ortopedickej protetiky po prvý raz aplikovali silikónovú protézu 
610 2 7 |a Fakultná nemocnica L. Pasteura (Košice, Slovensko).  |b Ortopedická protetika  |2 KEVKJB  |9 108440 
650 0 7 |a ortopédia  |2 KEVKJB  |9 18628 
650 0 7 |a protézy  |2 KEVKJB  |9 29055 
650 0 7 |a ortopedická protetika  |2 KEVKJB  |9 100969 
650 0 7 |a aplikácie protéz  |2 KEVKJB  |9 1242835 
650 0 7 |a informácie  |2 KEVKJB  |9 1285 
651 7 |a Košice (Slovensko)  |2 KEVKJB  |9 18694 
651 7 |a KE,  |2 KEVKJB  |9 877256 
655 7 |a periodikum  |2 snkbucl  |9 29553 
710 2 |a Fakultná nemocnica L. Pasteura (Košice, Slovensko).  |b Ortopedická protetika  |4 aut  |9 108440 
773 0 8 |t Košický večer  |g Roč. 11  |g Roč. 32, 6.10.2000, s. 11 
773 0 8 |i Príl.:  |t Magazín. - Roč. 5, č. 40 (2000) 
852 |a ZVYKNI  |b KIS3GCP 
999 |c 2201352  |d 2203282